Sí...de acuerdo!: cómo negociar sin ceder
I tiakina i:
| Ngā kaituhi matua: | , , |
|---|---|
| Hōputu: | Pukapuka |
| Reo: | Pāniora |
| I whakaputaina: |
Bogotá
Norma
1993
|
| Putanga: | 2a. ed |
| Ngā marau: | |
| Ngā Tūtohu: |
Tāpirihia he Tūtohu
Kāore He Tūtohu, Me noho koe te mea tuatahi ki te tūtohu i tēnei pūkete!
|
MARC
| LEADER | 00000nam a2200000 a 4500 | ||
|---|---|---|---|
| 001 | UCQ3037 | ||
| 003 | CL-VaPUC | ||
| 008 | 980817e19930000CK |||||||||||||||||spa|d | ||
| 020 | |a 9580425078 | ||
| 082 | 0 | 4 | |a 302.3 |b FIS |2 21 |
| 100 | 0 | |a Fisher, Roger |e author |9 417080 | |
| 700 | 0 | |a Ury, William L |e author |9 417081 | |
| 700 | 0 | |a Patton, Bruce |e author |9 417082 | |
| 245 | 1 | 0 | |a Sí...de acuerdo!: cómo negociar sin ceder |
| 250 | |a 2a. ed | ||
| 300 | |a 228 p | ||
| 942 | |c BK | ||
| 945 | |d 19980817 00:00:00 |a aarredon | ||
| 260 | |a Bogotá |b Norma |c 1993 | ||
| 650 | 0 | |a Negociación |9 307187 | |
| 650 | 0 | |a Relaciones interpersonales |9 307056 | |
| 650 | 0 | |a Mediación |9 338396 | |
| 583 | |a last modification |c 19980817 00:00:00 |k Rodrigo Vera | ||
| 999 | |c 273699 |d 273697 | ||
| 952 | |0 0 |1 0 |4 0 |6 302_300000000000000_FIS_1993 |7 0 |8 A |9 309520 |a BIBDER |b BIBDER |d 2019-11-20 |i 4178475 |l 5 |o 302.3 FIS 1993 |p 4178475 |r 2024-10-25 |s 2024-10-17 |w 2019-11-20 |y BK |k DER | ||